Statistiques concernant Tous les pokémon de Cynthia

Cliquez ici pour prendre le quiz!

Statistiques générales

  • Ce quiz a été pris 66 fois
  • Le résultat moyen est 7 sur 11

Statistiques - réponses

HintRéponse% Correct
Diamant & PerleSpiritomb
98%
Milobellus
85%
Carchacrok
83%
PlatineTogekiss
81%
Lucario
79%
Roserade
74%
Tritosor
72%
Noir2 & Blanc2Givrali
30%
Ohmassacre
28%
Noir & BlancGueriaigle
23%
Diamant étincelant
& Perle scintillante
Porygon-Z
21%

Distribution des résultats

Percentile par nombre de réponses

% des personnes avec chaque résultat

Votre développement - résultats

Vous n’avez pas pris ce quiz